[Event "Lipperland Seniors op 2nd"]
[Site "Doerentrup"]
[Date "2003.06.06"]
[Round "9.3"]
[White "Schinke, Hans Dieter"]
[Black "Schmitzer, Horst"]
[Result "0-1"]
[WhiteElo "1680"]
[BlackElo "2033"]
[PlyCount "92"]
[EventDate "2003.05.30"]
[EventType "swiss"]
[EventRounds "9"]
[EventCountry "GER"]
[SourceTitle "EXT 2004"]
[Source "ChessBase"]
[SourceDate "2003.11.25"]
[SourceVersion "1"]
[SourceVersionDate "2003.11.25"]
[SourceQuality "1"]

1. d4 Nf6 2. c4 e6 3. Nc3 Bb4 4. Bg5 h6 5. Bxf6 Bxc3+ 6. bxc3 Qxf6 7. Nf3 0-0 8. e3 b6 9. Be2 Nc6 10. 0-0 Ba6 11. Qa4 Bb7 12. Rac1 Rfd8 13. Rfd1 d6 14. e4 e5 15. d5 Ne7 16. g3 Bc8 17. Qc2 Rf8 18. Nh4 g5 19. Ng2 Qg6 20. Ne3 Kg7 21. g4 Ng8 22. Nf5+ Bxf5 23. gxf5 Qh7 24. Bh5 Nf6 25. Qe2 Rg8 26. Kh1 Kf8 27. Rg1 Ke7 28. Rg3 Rg7 29. Rcg1 Qh8 30. h3 Rh7 31. R1g2 Qe8 32. Bf3 Qa4 33. Qb2 Qxc4 34. Qb3 Qc5 35. Qb4 Nd7 36. Qxc5 Nxc5 37. Rg1 Kf6 38. Bg2 h5 39. Re3 g4 40. Kh2 gxh3 41. Rxh3 Rah8 42. Re3 Rg7 43. Bf3 Rxg1 44. Kxg1 h4 45. Kh2 Kg5 46. Re2 Kf4 0-1